| 000 | 00580nam a2200157 a 4500 | ||
|---|---|---|---|
| 005 | 20140412111245.0 | ||
| 008 | 001120s19uu xx 00 eng d | ||
| 050 |
_aTR(GS 371.302 _bSAP |
||
| 100 | _aSaphier, Jon | ||
| 245 |
_aActivators : _bactivity structure to engage student's thinking before instruction / _cJon Saphier, Mary Ann Haley. |
||
| 260 |
_a[s.l.] : _bResearch for Better Teaching, Inc, _c1993. |
||
| 300 | _a43 p. | ||
| 650 | _aCritical thinking -- study and teaching -- activity programs | ||
| 650 | _aProblem solving, group- study and teaching | ||
| 999 |
_c102908 _d102908 |
||